| 000 | 00708nam a2200217 a 4500 | ||
|---|---|---|---|
| 001 | BRCA_6806 | ||
| 005 | 20190321142932.0 | ||
| 008 | 031111s1914----gw-aa#####---#000-0#ger-# | ||
| 041 | _ager | ||
| 044 | _agw | ||
| 050 | 4 | _b.P53 1914 | |
| 100 | 1 |
_aPlassmann, Josef _916975 |
|
| 245 | 1 | 0 |
_aHimmel und Erde _bUnser Wissen von der Sternenwelt und Erdball _cHerausgegeben unter Mitwirkung von Fachgenossen von J. Plassmann ; J. Pohle. |
| 260 |
_aMúnich _bAllgemeine Verlags _c[1914] |
||
| 300 |
_a2 v. _bil. (algunas a color), láminas, mapas _c27 cm. |
||
| 500 | _aL128 | ||
| 501 | _aContenido: v.1. Der Sternenhimmel.-- v.2. Unsere Erde. | ||
| 650 | 1 | 4 |
_aAstronomía _97908 |
| 902 | _aGFM | ||
| 942 |
_2lcc _cB |
||
| 999 |
_c6489 _d6489 |
||